00833nam a2200193 a 450000100100000000500170001000800410002704000250006808200170009324500950011026000360020530000280024150001280026965000500039770000450044704900090049295201210050199900170062200002274820200930021756.0101117s1980 ve a 000 0 spa d aDO-SdBNPbspacBNPHU a923.1bA634h00aAntología homenaje al gran mariscal de Ayacucho /cedición José Manuel Castañón. aCaracas :bCastañón,c1980. a234 p. :bil. ;c20 cm. aEdición conmomerativa al Sesquicentenario de la muerte de Antonio José de Sucre, gran mariscal de Ayacucho (1830-1980). 4aBoliviaxPresidente (1825-1828: sucre)9467421 aCastañón, José Manuel,eed.939754 aBNGR 001054708MOaGRbGRcCTd2010-11-17iLF1l0o923.1 A634hp22748-10r2020-06-25w2020-06-25y4ZPréstamo en sala c22245d22245